| 000 -LEADER |
| fixed length control field |
00892cam a2200253 a 4500 |
| 005 - DATE AND TIME OF LATEST TRANSACTION |
| control field |
20131021075952.0 |
| 008 - FIXED-LENGTH DATA ELEMENTS--GENERAL INFORMATION |
| fixed length control field |
900302s1990 mau b 001 0 eng |
| 020 ## - INTERNATIONAL STANDARD BOOK NUMBER |
| International Standard Book Number |
0669246778 |
| 020 ## - INTERNATIONAL STANDARD BOOK NUMBER |
| International Standard Book Number |
066924676X |
| 041 0# - LANGUAGE CODE |
| Language code of text/sound track or separate title |
eng |
| 080 ## - UNIVERSAL DECIMAL CLASSIFICATION NUMBER |
| Universal Decimal Classification number |
323 |
| Common auxiliary subdivision |
(47+57) |
| 245 04 - TITLE STATEMENT |
| Title |
The Soviet empire : |
| Statement of responsibility, etc |
edited by Uri Ra'anan. |
| 260 ## - |
| -- |
Lexington, Mass. : |
| -- |
Lexington Books, |
| -- |
c1990. |
| 300 ## - |
| -- |
254 p. ; |
| -- |
24 cm. |
| 504 ## - BIBLIOGRAPHY, ETC. NOTE |
| Bibliography, etc |
Includes bibliographical references and index. |
| 650 #0 - |
| -- |
Politika e brendshme |
| 650 #0 - |
| -- |
Nacionalizmi dhe Komunizmi |
| -- |
Unioni Sovjetik |
| 650 #0 - |
| -- |
Nacionalizmi dhe Komunizmi |
| -- |
Europa, Lindja. |
| 650 #0 - |
| -- |
Demokracia |
| 651 #0 - |
| -- |
Soviet Union |
| -- |
Politika dhe qeverisja |
| -- |
1985-1991. |
| 651 #0 - |
| -- |
Soviet Union |
| -- |
Marëdhënie ndëkombëtare |
| -- |
1985-1991. |
| 700 1# - |
| -- |
Ra'anan, Uri, |
| -- |
1926- |
| 942 ## - ADDED ENTRY ELEMENTS (KOHA) |
| Source of classification or shelving scheme |
|
| Item type |
Books |